Creative destruction : a six-stage process for transforming the organization

Αποθηκεύτηκε σε:
Λεπτομέρειες βιβλιογραφικής εγγραφής
Κύριος συγγραφέας: Nolan, Richard L.
Άλλοι συγγραφείς: Croson, David C.
Μορφή: Βιβλίο
Γλώσσα:English
Δημοσίευση: Boston : Harvard Business School Press, c1995
Θέματα:
Ετικέτες: Προσθήκη ετικέτας
Δεν υπάρχουν, Καταχωρήστε ετικέτα πρώτοι!

MARC

LEADER 00000nam a2200000 i 4500
001 1/52327
008 980313s1995 eng d
020 |a 0875844987 
035 |l 10027322 
040 |a GR-MY-UA  |b gre  |e aacr 
041 0 |a eng 
082 0 |a 658.4063 
100 1 |a Nolan, Richard L. 
245 1 0 |a Creative destruction :  |b a six-stage process for transforming the organization /  |c Richard L. Nolan, David C. Croson 
260 |a Boston :   |b Harvard Business School Press,   |c c1995 
300 |a x, 259 p. 
504 |a Includes index 
650 0 0 |a Organizational change. 
650 0 0 |a Information technology. 
650 0 0 |a Industrial management. 
700 1 |a Croson, David C. 
852 |a INST  |b CHIOS  |e 19980313  |h 658.4063 NOL  |p 005200009722  |q 005200009722  |t BK  |y 0 
901 |a BIBL-1997-3 
909 |a Χ  |b 053962 
922 |a 2ΕΛΗ  |b 199802  |c ΤΔΕ  |d ΠΑΠΑΣΩΤΗΡΙΟΥ